LEADER 01048nam0-22003131i-450- 001 990006570130403321 005 20001010 035 $a000657013 035 $aFED01000657013 035 $a(Aleph)000657013FED01 035 $a000657013 100 $a20001010d--------km-y0itay50------ba 101 0 $aita 105 $ay-------001yy 200 1 $a<>"posizione" rispettiva dei Consigli regionali e delle Camere nella giurisprudenza costituzionale$fdi SergioBartole 210 $aMilano$cA.Giuffré$ds.d. 215 $a25 p., 22 cm 300 $a"Estratto da'Giurisprudenza Costituzionale'Anno XIII,1968, fasc.5-6, pp.2565-2591" 676 $a342.4509 700 1$aBartole,$bSergio$f<1936- >$0130569 801 0$aIT$bUNINA$gRICA$2UNIMARC 901 $aBK 912 $a990006570130403321 952 $aBUSTA I D 66$b597$fFSPBC 952 $aBUSTA I B 30$b339$fFSPBC 959 $aFSPBC 996 $aPosizione" rispettiva dei Consigli Regionali e delle Camere nella Giurisprudenza Costituzionale$9620121 997 $aUNINA DB $aGEN01 LEADER 01028nam a2200277 i 4500 001 991004161149707536 005 20020506114520.0 008 010228s1996 it ||| | ita 035 $ab10616093-39ule_inst 035 $aEXGIL134778$9ExL 040 $aDip.to Filol. Ling. e Lett.$bita 082 0 $a853.509 100 1 $aBozzola, Sergio$0165320 245 13$aLa retorica dell'eccesso :$bil Tribunale della critica di Francesco Fulvio Frugoni /$cSergio Bozzola 260 $aPadova :$bAntenore,$c1996 300 $axii, 330 p. ;$c22 cm. 490 0 $aMiscellanea erudita ;$v59 650 4$aBarocco 650 4$aFrugoni, Francesco Fulvio$xOpere - Tribunale della critica 650 4$aRetorica 907 $a.b10616093$b23-02-17$c28-06-02 912 $a991004161149707536 945 $aLE008 FL.M. (f.r.) XXII B 487$g1$i2008000028497$lle008$o-$pE0.00$q-$rl$s- $t0$u0$v0$w0$x0$y.i10702854$z28-06-02 996 $aRetorica dell'eccesso$9232242 997 $aUNISALENTO 998 $ale008$b01-01-01$cm$da $e-$fita$git $h3$i1